Les 50... - Édition Antonymes - Statistiques

Statistiques générales
  • Ce quiz a été pris 105 fois
  • Le résultat moyen est 43 sur 50
Statistiques - réponses
Mot Antonyme % Correct
Vrai Faux
100%
Haut Bas
98%
Intérieur Extérieur
98%
Ouvert Fermé
98%
Début Fin
98%
Chaud Froid
98%
Court Long
98%
Grand Petit
98%
Pauvre Riche
98%
Plein Vide
98%
Laid Beau
97%
Allumer Éteindre
97%
Fort Faible
97%
Vertical Horizontal
97%
Léger Lourd
97%
Vivant Mort
97%
Propre Sale
97%
Monter Descendre
96%
Aimer Détester
96%
Ami Ennemi
96%
Avancer Reculer
96%
Entrer Sortir
96%
Acheter Vendre
96%
Tard Tôt
95%
Dur Mou
94%
Facile Difficile
92%
Public Privé
92%
Joie Tristesse
92%
Accepter Refuser
91%
Agité Calme
89%
Étroit Large
88%
Coupable Innocent
87%
Rire Pleurer
86%
Lointain Proche
86%
Gain Perte
84%
Arrivée Départ
82%
Construire Détruire
82%
Présent Absent
80%
Donner Prendre
79%
Attaquer Défendre
78%
Clair Sombre
78%
Augmenter Diminuer
77%
Bien Mal
77%
Sec Humide
75%
Actif Passif
74%
Succès Échec
71%
Lumière Obscurité
60%
Réduire Agrandir
48%
Séparer Unir
28%
Accepter Rejeter
16%
Aucun quiz correspondant
Distribution des résultats
% des personnes avec chaque résultat
Percentile par nombre de réponses
Votre historique - résultats
Vous n’avez pas pris ce quiz